<?xml version="1.0" encoding="UTF-8"?>
<record
    xmlns:xsi="http://www.w3.org/2001/XMLSchema-instance"
    xsi:schemaLocation="http://www.loc.gov/MARC21/slim http://www.loc.gov/standards/marcxml/schema/MARC21slim.xsd"
    xmlns="http://www.loc.gov/MARC21/slim">

  <leader>03147nam a2200541Ia 4500</leader>
  <controlfield tag="001">699</controlfield>
  <controlfield tag="008">241029s9999    xx            000 0 und d</controlfield>
  <datafield tag="010" ind1=" " ind2=" ">
    <subfield code="a">628</subfield>
  </datafield>
  <datafield tag="041" ind1=" " ind2=" ">
    <subfield code="a">Espa&#xF1;ol</subfield>
  </datafield>
  <datafield tag="082" ind1=" " ind2=" ">
    <subfield code="a">NO APLICA</subfield>
  </datafield>
  <datafield tag="245" ind1=" " ind2="0">
    <subfield code="a">La educaci&#xF3;n ambiental en el proceso ense&#xF1;anza aprendizaje en el Segundo Ciclo del Nivel B&#xE1;sico de la Escuela Juan Isidro P&#xE9;rez</subfield>
  </datafield>
  <datafield tag="260" ind1=" " ind2=" ">
    <subfield code="a">Valverde</subfield>
  </datafield>
  <datafield tag="300" ind1=" " ind2=" ">
    <subfield code="a">64</subfield>
  </datafield>
  <datafield tag="520" ind1=" " ind2=" ">
    <subfield code="a">29</subfield>
  </datafield>
  <datafield tag="630" ind1=" " ind2=" ">
    <subfield code="a">Curr&#xED;culo</subfield>
  </datafield>
  <datafield tag="630" ind1=" " ind2=" ">
    <subfield code="a">Proceso de Ense&#xF1;anza-Aprendizaje</subfield>
  </datafield>
  <datafield tag="650" ind1=" " ind2=" ">
    <subfield code="a">Ejes Transversales (Contexto Social y Natural)</subfield>
  </datafield>
  <datafield tag="690" ind1=" " ind2=" ">
    <subfield code="a">Elaborado</subfield>
  </datafield>
  <datafield tag="700" ind1=" " ind2=" ">
    <subfield code="e">asesor</subfield>
    <subfield code="a">Buduen Serrano, Ines de la Caridad</subfield>
  </datafield>
  <datafield tag="700" ind1=" " ind2=" ">
    <subfield code="e">autor</subfield>
    <subfield code="a">Almonte de Bueno, Santa Rosana</subfield>
  </datafield>
  <datafield tag="700" ind1=" " ind2=" ">
    <subfield code="e">autor</subfield>
    <subfield code="a">Belliard Pimentel, Gladys Margarita</subfield>
  </datafield>
  <datafield tag="901" ind1=" " ind2=" ">
    <subfield code="a">{"1":"Almonte de Bueno","2":"Belliard Pimentel"}</subfield>
    <subfield code="b">{"1":"Santa Rosana","2":"Gladys Margarita"}</subfield>
  </datafield>
  <datafield tag="902" ind1=" " ind2=" ">
    <subfield code="a">1</subfield>
  </datafield>
  <datafield tag="903" ind1=" " ind2=" ">
    <subfield code="a">{"1":"Buduen Serrano"}</subfield>
    <subfield code="b">{"1":"Ines de la Caridad"}</subfield>
  </datafield>
  <datafield tag="904" ind1=" " ind2=" ">
    <subfield code="a">M&#xE1;ster en</subfield>
  </datafield>
  <datafield tag="905" ind1=" " ind2=" ">
    <subfield code="a">Educaci&#xF3;n Superior</subfield>
  </datafield>
  <datafield tag="906" ind1=" " ind2=" ">
    <subfield code="a">2</subfield>
  </datafield>
  <datafield tag="907" ind1=" " ind2=" ">
    <subfield code="a">NO APLICA</subfield>
  </datafield>
  <datafield tag="908" ind1=" " ind2=" ">
    <subfield code="a">NO APLICA</subfield>
  </datafield>
  <datafield tag="909" ind1=" " ind2=" ">
    <subfield code="a">Universidad Aut&#xF3;noma de Santo Domingo (UASD)</subfield>
  </datafield>
  <datafield tag="910" ind1=" " ind2=" ">
    <subfield code="a">NULL</subfield>
    <subfield code="b">NULL</subfield>
  </datafield>
  <datafield tag="911" ind1=" " ind2=" ">
    <subfield code="a">["1"]</subfield>
  </datafield>
  <datafield tag="912" ind1=" " ind2=" ">
    <subfield code="a">NO APLICA</subfield>
  </datafield>
  <datafield tag="913" ind1=" " ind2=" ">
    <subfield code="a">NULL</subfield>
  </datafield>
  <datafield tag="914" ind1=" " ind2=" ">
    <subfield code="a">01 de Julio de 2012</subfield>
  </datafield>
  <datafield tag="915" ind1=" " ind2=" ">
    <subfield code="a">20/07/15 07:07</subfield>
  </datafield>
  <datafield tag="916" ind1=" " ind2=" ">
    <subfield code="a">NULL</subfield>
  </datafield>
  <datafield tag="917" ind1=" " ind2=" ">
    <subfield code="a">NULL</subfield>
  </datafield>
  <datafield tag="918" ind1=" " ind2=" ">
    <subfield code="a">NO APLICA</subfield>
  </datafield>
  <datafield tag="919" ind1=" " ind2=" ">
    <subfield code="a">["52","163"]</subfield>
  </datafield>
  <datafield tag="520" ind1=" " ind2=" ">
    <subfield code="a">El objetivo general de la investigaci&#xF3;n se bas&#xF3; en dise&#xF1;ar una propuesta metodol&#xF3;gica para&#xA0;potencializar el proceso de Ense&#xF1;anza Aprendizaje en el Segundo Ciclo del Nivel B&#xE1;sico de la Escuela Juan Isidro P&#xE9;rez del municipio de Mao, sobre el cuidado del medioambiente.La investigaci&#xF3;n se consider&#xF3; de tipo cuantitativo. Se utilizaron los m&#xE9;todos hist&#xF3;rico-l&#xF3;gico y sist&#xE9;mico. Se aplicaron encuestas a los docentes del segundo ciclo del nivel b&#xE1;sico del centro de estudio. La poblaci&#xF3;n est&#xE1; constituida por 38 maestros de la Escuela del Nivel B&#xE1;sico Juan Isidro P&#xE9;rez tomando como muestra 19 docentes lo que constituye el 30% de la poblaci&#xF3;n.La investigaci&#xF3;n detect&#xF3; que los maestros no est&#xE1;n suficientemente orientados sobre los proyectos institucionales para el desarrollo curricular de la Educaci&#xF3;n Ambiental. Los maestros saben de la trascendencia de la Educaci&#xF3;n Ambiental, sin embargo, no se contempla el tema a pesar de que el curr&#xED;culo incluye temas relativos a este. No obstante, ellos tienen adecuado conocimiento de los contenidos, de las asignaturas que desarrollan directamente relacionados con la conservaci&#xF3;n del medio ambiente. Aunque se afirma por los docentes que se forman grupos para el trabajo de conservaci&#xF3;n del medio ambiente en la escuela, en la planificaci&#xF3;n no se observaron acciones concretas de esta actividad.Se recomienda realizar la supervisi&#xF3;n de la inclusi&#xF3;n de los aspectos medioambientales en la planificaci&#xF3;n de los docentes, por parte de la Direcci&#xF3;n de la Escuela Juan Isidro P&#xE9;rez y aplicar la propuesta en el trabajo metodol&#xF3;gico de la escuela.</subfield>
  </datafield>
  <datafield tag="921" ind1=" " ind2=" ">
    <subfield code="a">16</subfield>
  </datafield>
  <datafield tag="922" ind1=" " ind2=" ">
    <subfield code="a">16</subfield>
  </datafield>
  <datafield tag="923" ind1=" " ind2=" ">
    <subfield code="a">0</subfield>
  </datafield>
  <datafield tag="924" ind1=" " ind2=" ">
    <subfield code="a">NO APLICA</subfield>
  </datafield>
  <datafield tag="942" ind1=" " ind2=" ">
    <subfield code="c">Tesis</subfield>
  </datafield>
  <datafield tag="999" ind1=" " ind2=" ">
    <subfield code="c">628</subfield>
    <subfield code="d">628</subfield>
  </datafield>
</record>
